Η καταγωγή του ανθρώπου και η σεξουαλική επιλογή
Αποθηκεύτηκε σε:
| Κύριος συγγραφέας: | |
|---|---|
| Άλλοι συγγραφείς: | , |
| Μορφή: | Βιβλίο |
| Γλώσσα: | Greek |
| Δημοσίευση: |
[χ.τ.] :
Αναγνωστίδης,
[χ.χ.]
|
| Θέματα: | |
| Ετικέτες: |
Προσθήκη ετικέτας
Δεν υπάρχουν, Καταχωρήστε ετικέτα πρώτοι!
|
MARC
| LEADER | 00000cam a2200000 i 4500 | ||
|---|---|---|---|
| 001 | 1/79622 | ||
| 008 | 050629q19601970 gre d | ||
| 035 | |l 10078806 | ||
| 040 | |a GR-MY-UA |b gre |e aacr | ||
| 041 | 0 | |a gre | |
| 082 | 0 | |a 575.0162 |2 (22) | |
| 100 | 1 | |a Darwin, Charles, |d 1809-1882. | |
| 245 | 1 | 2 | |a Η καταγωγή του ανθρώπου και η σεξουαλική επιλογή / |c Καρόλου Δαρβίνου ; μετάφραση Γιάννη Ν. Βιστάκη ; επιμέλεια Κ. Μετρινού |
| 260 | |a [χ.τ.] : |b Αναγνωστίδης, |c [χ.χ.] | ||
| 300 | |a 2 τ.; |c 21 εκ. | ||
| 505 | 0 | |a Τ.1.Καταγωγή του ανθρώπου. - τ.2.Η σεξουαλική επιλογή | |
| 600 | 1 | 0 | |a Darwin, Charles, |d 1809-1882. |
| 650 | 0 | 0 | |a Human beings |x Origin. |
| 650 | 0 | 0 | |a Natural selection. |
| 700 | 1 | |a Βιστάκης, Γιάννης Ν. |4 trl | |
| 700 | 1 | |4 edt |a Μετρινός, Κ. | |
| 740 | 0 | 2 | |a Η σεξουαλική επιλογή |
| 852 | |a INST |b RHODES |c KRI |e 20050629 |h 575.0162 DAR |p 005400023117 |q 005400023117 |t BK |v τ.1: |y 0 |z τ.1 | ||
| 852 | |a INST |b RHODES |c KRI |e 20050629 |h 575.0162 DAR |p 005400023118 |q 005400023118 |t BK |v τ.2: |y 0 |z τ.2 | ||
| 853 | |a INST |b RHODES |c KRI |h 575.0162 DAR | ||
| 901 | |a BIBL4-2005-2 | ||
| 909 | |a Ρ |b 110965 | ||
| 970 | |a ΣΙΔΕΡΗ |b ΝΕΚΤΑΡΙΑ |z 2005/06/29 | ||